South Eastern Kenya University

Library Online Public Access Catalogue


Alternative medicine : (Record no. 9792)

MARC details
000 -LEADER
fixed length control field 00535cam a22001697a 4500
020 ## - ISBN
International Standard Book Number 9781622571062
020 ## - ISBN
International Standard Book Number 1622571061
050 00 - LIBRARY OF CONGRESS CALL NUMBER
Classification Number R733
Item Number .A47 2012
245 00 - TITLE
Title Alternative medicine :
Remainder of title practices, health benefits and controversies /
Statement of responsibility, etc Kenneth R. Carter and George E. Murphy, editors.
260 ## - PUBLICATION, DISTRIBUTION, ETC.(IMPRINT)
Place of publication, distribution, etc New York :
Name of publisher, distributor, etc Nova Science Publishers,
Date of publication, distribution, etc c2012.
300 ## - PHYSICAL DESCRIPTION
Extent x, 154 p. :
500 ## - GENERALNOTE
General note "Nova biomedical."
650 ## - SUBJECT--TOPIC
General subdivision Alternative medicine.
700 1# - ADDED ENTRY--PERSONAL AUTHOR
Personal Name Carter, Kenneth R.
700 1# - ADDED ENTRY--PERSONAL AUTHOR
Personal Name Murphy, George E.
942 ## - ADDED ENTRY ELEMENTS(KOHA)
Source of classification or shelving scheme Library of Congress Classification
Koha item type General circulation
Holdings
Source of classification or shelving scheme Not for loan Location (home branch) Sublocation (holding branch) Shelving location Date accessioned Cost, normal purchase price Full call number Barcode Cost, replacement price Nonpublic note Koha item type Public note
Library of Congress Classification   Main Campus Library Main Campus Library   01/12/2015 13865.00 R733 .A47 2012 2015/009090 15251.00 Nzk General circulation Nzk
Kitui, Kenya.
+254736116989
library@seku.ac.ke